[Event "Titled Tue 1st Jul Late"]
[Site "chess.com INT"]
[Date "2025.07.01"]
[Round "7"]
[White "Deac, Bogdan-Daniel"]
[Black "Piliposyan, Robert"]
[Result "1/2-1/2"]
[WhiteTitle "GM"]
[BlackTitle "IM"]
[WhiteElo "2674"]
[BlackElo "2416"]
[WhiteFideId "1226380"]
[BlackFideId "13309978"]
[EventDate "2025.07.01"]

1. d4 Nf6 2. c4 c5 3. e3 g6 4. Nc3 Bg7 5. d5 O-O 6. Nf3 d6 7. Be2 a6 8. O-O b5
9. cxb5 axb5 10. Bxb5 Ba6 11. Bxa6 Nxa6 12. e4 Nd7 13. a4 Qb6 14. Re1 Rfb8 15.
Ra3 Nb4 16. Nb5 c4 17. Re2 Nd3 18. Rc2 Nxc1 19. Qxc1 Nc5 20. Rxc4 Nxa4 21. Raxa4
Rxa4 22. Rxa4 Qxb5 23. Rc4 Bxb2 24. Rc8+ Rxc8 25. Qxc8+ Kg7 26. Qc2 Bf6 27. g3
Qb4 28. Kg2 h6 29. h4 h5 30. Ng1 Qe1 31. Qe2 Qa1 32. Nf3 Qb1 33. Ne1 Bd4 34. Nd3
Qb5 35. Nf4 Qb1 36. Nh3 Qb3 37. Ng5 Bf6 38. Nf3 Qc3 39. Qd2 Qc4 40. Qe3 Bb2 41.
Nd2 Qb4 42. Nf3 Qc4 43. Nd2 Qc2 44. Nf3 Kg8 45. Ng1 Bc3 46. Qe2 Qb1 47. Qc4 Bf6
48. Qe2 Bd4 49. Nf3 Bc5 50. Ng5 Bd4 51. Qf3 Bf6 52. Nh3 Kg7 53. Nf4 Qb4 54. Qd3
Be5 55. Nh3 Qe1 56. Qf3 Bd4 57. Ng5 Bf6 58. Nh3 Qa1 59. Nf4 Qa8 60. Ne2 Qc8 61.
Ng1 e6 62. dxe6 Qxe6 63. Nh3 Qc4 64. Nf4 Qc1 65. Nd5 Be5 66. Qe3 Qc2 67. Qf3 Bd4
68. Nf4 Be5 69. Nh3 Bd4 70. Ng5 Bf6 71. Nh3 Qb2 72. Nf4 Be5 73. Qe2 Qd4 74. Nd3
Bf6 75. Qf3 Be5 76. Ne1 Qd2 77. Nd3 Qc3 78. Nxe5 Qxe5 79. Qd3 Qe6 80. Kf3 Qg4+
81. Ke3 Qe6 82. Qd4+ Kg8 83. Kf3 Qb3+ 84. Kg2 Qe6 85. Kf3 Qg4+ 86. Ke3 Qd7 87.
Qd5 Qe7 88. Kf3 Qf6+ 89. Kg2 Qe7 90. Qd4 Kh7 91. Kf3 Qe6 92. Ke3 Kg8 93. Kf4 Kh7
94. Qd5 Qf6+ 95. Ke3 Kg8 96. Ke2 Qb2+ 97. Kf3 Qb4 98. Ke3 Qe1+ 99. Kf3 Qh1+ 100.
Ke2 Qg2 101. Qd4 Qh1 102. Qd5 Kg7 103. Qd3 Kg8 104. Qd4 Kh7 105. Ke3 Qe1+ 106.
Kf3 Qh1+ 107. Ke2 Kg8 108. Qe3 Qb1 109. Qd3 Qb2+ 110. Kf3 Qf6+ 111. Ke3 Qe7 112.
Qd5 Qa7+ 113. Kf3 Qa3+ 114. Kg2 Qb4 115. Kf3 Qb6 116. Ke2 Qa6+ 117. Qd3 Qb7 118.
Ke3 Qe7 119. Kf3 Qf6+ 120. Ke3 Kf8 121. Qd5 Qc3+ 122. Ke2 Ke7 123. Qb7+ Kf6 124.
Qd5 Qe5 125. Qd3 Ke6 126. Kf3 Qf6+ 127. Ke3 Qe5 128. Qc4+ Ke7 1/2-1/2

[Event "Titled Tue 1st Jul Late"]
[Site "chess.com INT"]
[Date "2025.07.01"]
[Round "7"]
[White "Ahmad, Al Khatib"]
[Black "Jagirapu, Harshin Reddy"]
[Result "1/2-1/2"]
[WhiteTitle "GM"]
[WhiteElo "2172"]
[BlackElo "2042"]
[WhiteFideId "8103178"]
[BlackFideId "39910679"]
[EventDate "2025.07.01"]

1. d4 d5 2. Nc3 Nf6 3. Bf4 a6 4. e3 Bf5 5. Bd3 Bxd3 6. cxd3 e6 7. Qb3 b5 8. a4
b4 9. Na2 Nbd7 10. Nf3 c5 11. O-O a5 12. Ne5 cxd4 13. exd4 Qb6 14. Be3 Be7 15.
Rac1 O-O 16. Rc6 Qb7 17. Rfc1 Rac8 18. Qd1 Nxe5 19. Rxc8 Nf3+ 20. Qxf3 Rxc8 21.
Qd1 Bd6 22. g3 h6 23. Rxc8+ Qxc8 24. Qc1 Qd7 25. Qc2 Ne8 26. Nc1 Be7 27. Bf4 g5
28. Be3 Nd6 29. b3 Nf5 30. Ne2 Bf6 31. Qc5 Qd8 32. Qc6 Ne7 33. Qc5 Nc8 34. Kg2
Nd6 35. Ng1 Be7 36. Qc6 Nf5 37. Nf3 Bd6 38. h3 Qc7 39. Qxc7 Bxc7 40. g4 Ne7 41.
h4 f6 42. hxg5 hxg5 43. Nd2 Nc6 44. Nf3 Kf7 45. Kf1 Bb6 46. Ke2 Ne7 47. Bd2 Ng6
48. Be3 Bc7 49. Ne1 e5 50. Nc2 Ke6 51. f3 Bb6 52. Kf2 Nf4 53. Bxf4 exf4 54. Ke2
f5 55. gxf5+ Kxf5 56. Kf2 g4 57. fxg4+ Kxg4 58. Ne1 Bxd4+ 59. Ke2 Kg3 60. Nf3
Be3 61. Ne5 Bd4 62. Nf3 Bc3 63. Ng5 Kg2 64. Nf3 Bf6 65. Nd2 Kg3 66. Nf3 Kg4 67.
Ng1 Bd4 68. Nf3 Bf6 69. Nh2+ Kg3 70. Nf3 Bc3 71. Ng5 Kg4 72. Nf3 Kf5 73. Nh4+
Ke5 74. Nf3+ Kd6 75. Ng5 Kc5 76. Ne6+ Kd6 77. Nxf4 Be5 78. Ng2 Kc5 79. Ke3 Bd4+
80. Kd2 Bc3+ 81. Ke3 Ba1 82. Nf4 Bb2 83. Kd2 Bc3+ 84. Kc2 Kd4 85. Ne6+ Ke3 86.
Nd8 Bd4 87. Nc6 Bb6 88. Ne7 Kd4 89. Nf5+ Ke5 90. Ng3 Kf4 91. Ne2+ Kf3 92. Nc1
Ke3 93. Na2 Kf2 94. Nc1 Be3 95. Na2 Ke2 96. d4 Bxd4 97. Nc1+ Ke3 98. Nd3 Bb6 99.
Ne5 d4 100. Nc4+ Ke2 101. Ne5 Bc5 102. Nd3 Bd6 103. Nc1+ Ke3 104. Nd3 Be7 105.
Ne1 Bh4 106. Nd3 Ke2 107. Nf4+ Ke3 108. Nd3 Be7 109. Ne1 Bd6 110. Nd3 Ke4 111.
Nc1 Kf3 112. Kd3 Be5 113. Ne2 Kf2 114. Nxd4 Bxd4 115. Kxd4 Ke2 116. Kc4 Kd2 117.
Kb5 Kc3 118. Kxa5 Kxb3 119. Kb6 Kc3 120. a5 b3 121. a6 b2 122. a7 b1=Q+ 123. Kc7
Qa2 124. Kb8 Qb3+ 125. Ka8 Qa4 126. Kb8 Qb5+ 127. Ka8 Qd7 128. Kb8 Qd6+ 129. Kb7
Qd7+ 130. Kb8 Qb5+ 131. Kc8 Qa6+ 132. Kb8 Qd6+ 133. Kb7 Qd7+ 134. Kb8 1/2-1/2

[Event "Titled Tue 1st Jul Late"]
[Site "chess.com INT"]
[Date "2025.07.01"]
[Round "7"]
[White "Sharankov, Grigory"]
[Black "Volodin, Alexandr E."]
[Result "1/2-1/2"]
[WhiteTitle "CM"]
[BlackTitle "FM"]
[WhiteElo "2238"]
[BlackElo "2344"]
[WhiteFideId "4168356"]
[BlackFideId "34268871"]
[EventDate "2025.07.01"]

1. e4 c6 2. d4 d5 3. e5 c5 4. Nf3 Nc6 5. c4 cxd4 6. Nxd4 e6 7. Nc3 Bb4 8. Nxc6
bxc6 9. cxd5 Qxd5 10. Qe2 Ne7 11. Bd2 Qa5 12. a3 O-O 13. Qe4 Nd5 14. Bd3 g6 15.
O-O Nxc3 16. Qxb4 Qxb4 17. axb4 Rd8 18. bxc3 Rxd3 19. Bg5 Bb7 20. Rfd1 Ba6 21.
Rxd3 Bxd3 22. Rd1 Bc4 23. Rd7 a6 24. h4 Kg7 25. g4 h5 26. Bf6+ Kg8 27. g5 Bb5
28. Kg2 c5 29. Rc7 cxb4 30. cxb4 Rb8 31. Kf3 Be8 32. Be7 Ra8 33. Ke4 Kg7 34.
Bf6+ Kg8 35. Kd4 Rb8 36. Be7 Kg7 37. f4 Ra8 38. Bf6+ Kf8 39. Kc5 Rb8 40. Be7+
Kg7 41. Ra7 Rb5+ 42. Kc4 Rb8 43. Bf6+ Kf8 44. Kc3 Rc8+ 45. Kd3 Bb5+ 46. Kd4 Rc4+
47. Ke3 Rc8 48. Be7+ Kg7 49. Bc5 Rd8 50. Be7 Rc8 51. Bf6+ Kf8 52. Rb7 Kg8 53.
Be7 Rc3+ 54. Ke4 Rc8 55. Kd4 Re8 56. Bc5 Rd8+ 57. Ke3 Rd3+ 58. Kf2 Rd2+ 59. Ke3
Rd8 60. Bd6 Bc6 61. Rc7 Bb5 62. Kd4 Kg7 63. Kc5 Kg8 64. Kb6 Re8 65. Be7 Rb8+ 66.
Ka7 Re8 67. Bf6 Kf8 68. Kb7 Kg8 69. Kb6 Rb8+ 70. Ka7 Re8 71. Be7 Kg7 72. Bf6+
Kg8 73. Rb7 Rc8 74. Re7 Bc4 75. Kb6 Rf8 76. Kc5 Bb5 77. Rc7 Rb8 78. Be7 Re8 79.
Bd6 Rd8 80. f5 gxf5 81. Kd4 Rb8 82. Ke3 Rd8 83. g6 fxg6 84. Kf4 Bd3 85. Kg5 f4
86. Kxf4 Bb5 87. Kg5 Rd7 88. Rc8+ Kh7 89. Rf8 Bd3 90. Kf6 g5 91. Be7 g4 92. Rf7+
Kg8 93. Rg7+ Kh8 94. Rg5 Bh7 95. Bf8 g3 96. Bg7+ Kg8 97. Rxg3 Rf7+ 98. Kxe6 Rxg7
99. Rc3 Rg6+ 100. Ke7 Rg7+ 101. Kf6 Rf7+ 102. Kg5 Rf5+ 103. Kh6 Rxe5 104. Rc8+
Kf7 105. Kxh7 Re4 106. Rc7+ Kf8 107. Rc8+ Kf7 108. Rc7+ Ke8 109. Rc6 Rxh4 110.
Rxa6 Rxb4 111. Kg6 h4 112. Ra3 Rg4+ 113. Kh5 Rg3 114. Ra2 h3 115. Rh2 Kf7 116.
Kh4 Rg1 117. Rxh3 Kf6 118. Rf3+ Ke5 119. Rg3 Rh1+ 120. Kg4 Ra1 121. Kh4 Kf4 122.
Rg4+ Kf5 123. Rg5+ Kf6 124. Rg3 Rh1+ 125. Rh3 Rb1 126. Rg3 Kf5 127. Rf3+ Ke4
128. Rg3 Rb8 129. Kh3 Kf4 130. Rg4+ Kf5 131. Rg3 Rh8+ 132. Kg2 Ra8 133. Rf3+ Ke4
134. Rf2 Rg8+ 135. Kf1 Ke3 136. Re2+ Kf3 137. Rf2+ Ke3 138. Re2+ Kd3 139. Rf2
Rh8 140. Rg2 Ke3 141. Rg3+ Kf4 142. Kf2 Ra8 143. Re3 Rh8 144. Rf3+ Ke4 145. Re3+
Kd4 146. Rg3 Rf8+ 147. Rf3 Rg8 148. Rg3 Rh8 149. Rg4+ Kd3 150. Rg3+ Kd2 151. Kf3
Rf8+ 152. Kg4 Ke2 153. Rg2+ Ke3 154. Rg3+ Ke4 155. Kh3 Rh8+ 156. Kg2 Kf4 157.
Rf3+ Ke4 158. Rg3 Rf8 159. Rg4+ Ke3 160. Rg3+ Ke2 161. Rg4 Rf7 162. Kg3 Ke3 163.
Rg5 Rf1 164. Kg4 Ke4 165. Kh5 Kf4 166. Kg6 Ra1 167. Rf5+ 1/2-1/2

[Event "Titled Tue 1st Jul Late"]
[Site "chess.com INT"]
[Date "2025.07.01"]
[Round "8"]
[White "Vazelakis, Dimitrios"]
[Black "Danzer, George"]
[Result "0-1"]
[BlackTitle "CM"]
[WhiteElo "1857"]
[BlackElo "2172"]
[WhiteFideId "4203674"]
[BlackFideId "4659465"]
[EventDate "2025.07.01"]

1. d4 Nf6 2. Nf3 g6 3. g3 Bg7 4. Bg2 d5 5. O-O O-O 6. c4 c6 7. Nc3 dxc4 8. a4
Nbd7 9. a5 Re8 10. Qa4 e5 11. dxe5 Nxe5 12. Nxe5 Rxe5 13. Rd1 Qe7 14. Qxc4 Be6
15. Qb4 Qxb4 0-1

[Event "Titled Tue 1st Jul Late"]
[Site "chess.com INT"]
[Date "2025.07.01"]
[Round "8"]
[White "Habans Aguerrea, Javier"]
[Black "Bortnyk, Olexandr"]
[Result "0-1"]
[WhiteTitle "IM"]
[BlackTitle "GM"]
[WhiteElo "2448"]
[BlackElo "2601"]
[WhiteFideId "24524689"]
[BlackFideId "14120828"]
[EventDate "2025.07.01"]

1. c4 Nf6 2. Nc3 b6 3. Nf3 Bb7 4. g3 g6 5. Bg2 Bg7 6. O-O O-O 7. d4 e6 8. b3 d5
9. Bb2 Na6 10. Rc1 Qe7 11. Ne5 c5 12. e3 Rfd8 13. Qe2 Rac8 14. cxd5 exd5 15. Nb5
Ra8 16. Rfd1 Ne4 17. Nd3 Bc6 18. Nf4 Nb4 19. dxc5 Bxb2 20. Qxb2 Bxb5 21. Nxd5
Nxd5 0-1

[Event "Titled Tue 1st Jul Late"]
[Site "chess.com INT"]
[Date "2025.07.01"]
[Round "8"]
[White "Omariev, Maksim"]
[Black "Guliev, Gasan"]
[Result "1-0"]
[WhiteTitle "FM"]
[BlackTitle "CM"]
[WhiteElo "2304"]
[BlackElo "2123"]
[WhiteFideId "4193423"]
[BlackFideId "34165638"]
[EventDate "2025.07.01"]

1. b3 b6 2. Bb2 Bb7 3. c4 e6 4. Nf3 Nf6 5. g3 Bxf3 6. exf3 Nc6 7. Bg2 Be7 8. O-O
O-O 9. f4 d5 10. f5 Na5 11. fxe6 fxe6 12. Qe2 dxc4 13. Qxe6+ Kh8 14. Bxa8 Qxa8
15. Qxe7 cxb3 16. axb3 Nxb3 17. Rxa7 Qc8 18. Rxc7 1-0

[Event "Titled Tue 1st Jul Late"]
[Site "chess.com INT"]
[Date "2025.07.01"]
[Round "8"]
[White "Albertini, Luca"]
[Black "Demchenko, Yaroslav"]
[Result "0-1"]
[BlackTitle "CM"]
[WhiteElo "2131"]
[BlackElo "2263"]
[WhiteFideId "847038"]
[BlackFideId "14186667"]
[EventDate "2025.07.01"]

1. d4 e6 2. c4 d5 3. Nc3 a6 4. e3 dxc4 5. Bxc4 b5 6. Bd3 Bb7 7. Nf3 Nf6 8. O-O
c5 9. a3 Nbd7 10. dxc5 Nxc5 11. Bc2 Be7 12. b4 Ncd7 13. Bb2 O-O 14. Qe2 Nb6 15.
Rfd1 Qc7 16. Rac1 Nc4 17. Bb3 Ng4 18. e4 Rac8 19. Nd4 Qxh2+ 20. Kf1 Qh1# 0-1

[Event "Titled Tue 1st Jul Late"]
[Site "chess.com INT"]
[Date "2025.07.01"]
[Round "8"]
[White "Shymanskyi, Oleksandr"]
[Black "Shuvalov, Evgenij"]
[Result "1/2-1/2"]
[WhiteTitle "FM"]
[WhiteElo "2218"]
[BlackElo "1986"]
[WhiteFideId "14168880"]
[BlackFideId "4187237"]
[EventDate "2025.07.01"]

1. Nf3 Nf6 2. g3 g6 3. b3 Bg7 4. Bb2 O-O 5. Bg2 d5 6. c4 c5 7. cxd5 Qxd5 8. O-O
Qh5 9. Re1 Nc6 10. d3 Rd8 11. Nbd2 Be6 12. Rc1 Rac8 13. Qc2 b6 14. Qb1 Bh6 15.
Qa1 Nd5 16. Rc4 g5 17. Ne5 Na5 18. Bf3 Qh3 19. Bg2 Qh5 20. Bf3 Qh3 21. Bg2 Qh5 1/2-1/2

[Event "Titled Tue 1st Jul Late"]
[Site "chess.com INT"]
[Date "2025.07.01"]
[Round "8"]
[White "Hauge, Lars Oskar"]
[Black "Eswaran, Ashritha"]
[Result "1-0"]
[WhiteTitle "GM"]
[BlackTitle "FM"]
[WhiteElo "2462"]
[BlackElo "2236"]
[WhiteFideId "1509276"]
[BlackFideId "2080788"]
[EventDate "2025.07.01"]

1. f4 d5 2. Nf3 Nf6 3. g3 g6 4. Bg2 Bg7 5. O-O O-O 6. d3 c5 7. Qe1 Nc6 8. e4
dxe4 9. dxe4 e5 10. fxe5 Ng4 11. Nc3 Ngxe5 12. Nd5 Bg4 13. Nxe5 Nxe5 14. Qf2 f5
15. exf5 Rxf5 16. Bf4 Rf7 17. h3 Be6 18. Rad1 Qc8 19. Qe2 Nc6 20. Nc7 Nd4 21.
Rxd4 Bxd4+ 22. Kh2 Rxc7 23. Bxc7 Bxh3 24. Bd5+ Kh8 25. Qe5+ Bxe5 26. Bxe5# 1-0

[Event "Titled Tue 1st Jul Late"]
[Site "chess.com INT"]
[Date "2025.07.01"]
[Round "8"]
[White "Zierk, Steven"]
[Black "Lebedev, Artem S."]
[Result "0-1"]
[WhiteTitle "GM"]
[BlackTitle "CM"]
[WhiteElo "2489"]
[BlackElo "2164"]
[WhiteFideId "2034255"]
[BlackFideId "34272747"]
[EventDate "2025.07.01"]

1. e4 e5 2. Nf3 Nc6 3. Bb5 a6 4. Ba4 Nf6 5. O-O Be7 6. Re1 b5 7. Bb3 O-O 8. a4
d5 9. exd5 Nd4 10. Nxd4 exd4 11. axb5 Bd6 12. Qf3 Re8 13. Rxe8+ Qxe8 14. Kf1 Bg4
15. Qd3 Qe5 16. f3 Re8 0-1

[Event "Titled Tue 1st Jul Late"]
[Site "chess.com INT"]
[Date "2025.07.01"]
[Round "8"]
[White "Ismayilova, Khanim"]
[Black "Pica, Eleni"]
[Result "1-0"]
[WhiteTitle "WCM"]
[BlackTitle "WCM"]
[WhiteElo "1971"]
[BlackElo "1686"]
[WhiteFideId "13429019"]
[BlackFideId "5910005"]
[EventDate "2025.07.01"]

1. e4 c5 2. c3 Nc6 3. d4 e6 4. Nf3 d5 5. e5 cxd4 6. cxd4 Nge7 7. Nc3 Qb6 8. Be2
Nf5 9. O-O Nfxd4 10. Nxd4 Qxd4 11. Nb5 Qxe5 12. f4 Qb8 13. f5 a6 14. fxe6 axb5
15. exf7+ Kd8 16. Qxd5+ Qd6 17. Bg5+ Be7 18. Qxd6+ 1-0

[Event "Titled Tue 1st Jul Late"]
[Site "chess.com INT"]
[Date "2025.07.01"]
[Round "8"]
[White "Volodin, Alexandr E."]
[Black "Stojanovski, Sandi"]
[Result "1-0"]
[WhiteTitle "FM"]
[BlackTitle "FM"]
[WhiteElo "2344"]
[BlackElo "2169"]
[WhiteFideId "34268871"]
[BlackFideId "1403249"]
[EventDate "2025.07.01"]

1. d4 Nf6 2. Nc3 d5 3. Bf4 a6 4. e3 e6 5. Bd3 c5 6. dxc5 Bxc5 7. Nf3 Nc6 8. O-O
O-O 9. e4 Nb4 10. e5 Nxd3 11. Qxd3 Nd7 12. Ng5 g6 13. Qh3 h5 14. g4 Nxe5 15.
gxh5 Qf6 16. hxg6 Qxg6 17. Bxe5 Qxg5+ 18. Kh1 Qxe5 19. Rg1+ Qg7 20. Qh6 Bd4 21.
Rxg7+ 1-0

[Event "Titled Tue 1st Jul Late"]
[Site "chess.com INT"]
[Date "2025.07.01"]
[Round "8"]
[White "Rosen, Eric"]
[Black "Zhuravlev, Alexey"]
[Result "1-0"]
[WhiteTitle "IM"]
[BlackTitle "FM"]
[WhiteElo "2377"]
[BlackElo "2359"]
[WhiteFideId "2032562"]
[BlackFideId "4164199"]
[EventDate "2025.07.01"]

1. d4 Nf6 2. Bf4 g6 3. Nc3 d5 4. e3 Bg7 5. h4 h5 6. Nf3 O-O 7. Ne5 Ne4 8. Nxe4
dxe4 9. Bc4 Bf5 10. g4 Bxg4 11. Nxg4 hxg4 12. Qxg4 Nc6 13. Qxg6 e6 14. Qg4 Na5
15. Bg5 1-0

[Event "Titled Tue 1st Jul Late"]
[Site "chess.com INT"]
[Date "2025.07.01"]
[Round "8"]
[White "Lowinger, Daniel"]
[Black "Vigoa Apecheche, Yanira"]
[Result "1-0"]
[BlackTitle "WGM"]
[WhiteElo "2086"]
[BlackElo "2232"]
[WhiteFideId "2005557"]
[BlackFideId "3507041"]
[EventDate "2025.07.01"]

1. e4 e6 2. d4 d5 3. Nc3 Bb4 4. e5 c5 5. a3 Bxc3+ 6. bxc3 Qc7 7. Nf3 Ne7 8. a4
Bd7 9. h4 Nbc6 10. h5 h6 11. Rb1 Qa5 12. Rxb7 cxd4 13. Bb5 Qxc3+ 14. Bd2 Qc5 15.
Rh4 a6 16. Bd3 Bc8 17. Rb3 Nf5 18. Rg4 Kf8 19. Bc1 Bd7 20. Ba3 Qxa3 21. Rxa3 1-0

[Event "Titled Tue 1st Jul Late"]
[Site "chess.com INT"]
[Date "2025.07.01"]
[Round "8"]
[White "Shandrygin, Nikita"]
[Black "Clawitter, Craig"]
[Result "1-0"]
[WhiteTitle "FM"]
[WhiteElo "2209"]
[BlackElo "2050"]
[WhiteFideId "24198668"]
[BlackFideId "2023105"]
[EventDate "2025.07.01"]

1. Nf3 Nf6 2. g3 d5 3. d4 e6 4. Bg2 Be7 5. O-O O-O 6. b3 c5 7. Bb2 Nc6 8. Nbd2
cxd4 9. Nxd4 Re8 10. c4 Bc5 11. e3 e5 12. Nxc6 bxc6 13. cxd5 cxd5 14. Nc4 Ba6
15. Nxe5 Bxf1 16. Qxf1 Ne4 17. Rd1 Bd6 18. Rxd5 Nf6 19. Rd1 Rc8 20. Nc4 Re6 21.
Ba3 Ne8 22. Bh3 Rh6 23. Bxc8 Qxc8 24. Nxd6 Nxd6 25. Rxd6 Rxd6 26. Bxd6 Qc2 27.
Qa6 h5 28. Bf4 h4 29. gxh4 Qd1+ 30. Qf1 Qg4+ 31. Bg3 f5 32. h3 Qf3 33. Qb1 a5
34. a3 Kf7 35. b4 axb4 36. axb4 g5 37. b5 f4 38. exf4 gxf4 39. Qf5+ Ke7 40. Qxf4
Qd1+ 41. Kg2 Qd5+ 42. Qf3 Qxb5 43. h5 Qg5 44. Qe3+ Qxe3 45. fxe3 Kf6 46. Bf4 Kf5
47. Kf3 Kf6 48. e4 Kg7 49. e5 Kh8 50. Ke4 Kh7 51. Kf5 Kg8 52. e6 Kh7 53. Bg5 Kg8
54. Bh4 Kh7 55. Bf2 Kg8 56. Bd4 Kh7 57. Bc5 Kg8 58. Bb6 Kh7 59. Kf6 Kg8 60. e7
Kh7 61. e8=Q Kh6 62. Qh8# 1-0

[Event "Titled Tue 1st Jul Late"]
[Site "chess.com INT"]
[Date "2025.07.01"]
[Round "8"]
[White "Naroditsky, Daniel"]
[Black "Sturt, Raven"]
[Result "1-0"]
[WhiteTitle "GM"]
[BlackTitle "GM"]
[WhiteElo "2619"]
[BlackElo "2459"]
[WhiteFideId "2026961"]
[BlackFideId "2007304"]
[EventDate "2025.07.01"]

1. c4 f5 2. Nc3 Nf6 3. d3 e5 4. Nf3 Nc6 5. e4 Bb4 6. exf5 d6 7. Nh4 d5 8. cxd5
Qxd5 9. Be2 e4 10. O-O Bxc3 11. bxc3 O-O 12. dxe4 Qxe4 13. Bg5 Bxf5 14. Bf3 Qd3
15. Qb3+ Kh8 16. Rad1 Qc2 17. Qxb7 Ne5 18. Bxf6 gxf6 19. Rc1 Qd3 20. Rfd1 Nxf3+
21. gxf3 Rg8+ 22. Kh1 Qe2 23. Nxf5 Rab8 24. Qe4 Qxf2 25. Rg1 Rge8 26. Qc6 Rf8
27. Rg2 1-0

[Event "Titled Tue 1st Jul Late"]
[Site "chess.com INT"]
[Date "2025.07.01"]
[Round "8"]
[White "Jakovljevic, Dejan"]
[Black "Gutierrez Carmona, Juan Alejandro"]
[Result "0-1"]
[WhiteTitle "CM"]
[BlackTitle "FM"]
[WhiteElo "1956"]
[BlackElo "2036"]
[WhiteFideId "949418"]
[BlackFideId "5106770"]
[EventDate "2025.07.01"]

1. e4 e6 2. d4 d5 3. e5 c5 4. c3 Nc6 5. Nf3 Bd7 6. a3 f6 7. Bf4 Qc7 8. Bg3 f5 9.
Be2 Nh6 10. O-O Nf7 11. b4 c4 12. Nbd2 Be7 13. Re1 g5 14. h3 h5 15. Nf1 h4 16.
Bh2 O-O-O 17. a4 Rdg8 18. a5 g4 19. hxg4 fxg4 20. N3d2 g3 21. fxg3 h3 22. b5
Nxa5 23. b6 axb6 24. Bf3 Ng5 25. Ne3 Be8 26. Bxd5 exd5 27. Nxd5 Qd8 28. Nxe7+
Qxe7 29. d5 Qc5+ 30. Kh1 hxg2+ 31. Kxg2 Rxh2+ 32. Kxh2 Qf2+ 33. Kh1 Rh8+ 34. Qh5
Rxh5# 0-1

[Event "Titled Tue 1st Jul Late"]
[Site "chess.com INT"]
[Date "2025.07.01"]
[Round "8"]
[White "Borges, Wagner da Silva"]
[Black "Li, Xueyi"]
[Result "1-0"]
[WhiteTitle "CM"]
[BlackTitle "WGM"]
[WhiteElo "2062"]
[BlackElo "2220"]
[WhiteFideId "2100401"]
[BlackFideId "8605912"]
[EventDate "2025.07.01"]

1. d4 d5 2. Nf3 Nf6 3. Bf4 e6 4. e3 c5 5. c3 Qb6 6. b3 Nc6 7. Nbd2 Qd8 8. Bd3
Bd6 9. Ne5 O-O 10. O-O Bxe5 11. dxe5 Nd7 12. Nf3 Qc7 13. Bxh7+ Kxh7 14. Ng5+ Kg8
15. Qh5 Rd8 16. Qxf7+ Kh8 17. Nxe6 Ndxe5 18. Qh5+ Kg8 19. Nxc7 1-0

[Event "Titled Tue 1st Jul Late"]
[Site "chess.com INT"]
[Date "2025.07.01"]
[Round "8"]
[White "Kravtsiv, Martyn"]
[Black "Vetokhin, Savva"]
[Result "1-0"]
[WhiteTitle "GM"]
[BlackTitle "GM"]
[WhiteElo "2598"]
[BlackElo "2570"]
[WhiteFideId "14113147"]
[BlackFideId "44144474"]
[EventDate "2025.07.01"]

1. e4 c5 2. Nc3 d6 3. f4 Nc6 4. Nf3 g6 5. Bb5 Bd7 6. d3 Bg7 7. Bc4 e6 8. f5 Na5
9. O-O Ne7 10. fxe6 fxe6 11. Ng5 Nxc4 12. dxc4 Qc7 13. Nb5 Qb6 14. Nxd6+ Kd8 15.
Ndf7+ Kc7 16. Bf4+ e5 17. Nxe5 1-0

[Event "Titled Tue 1st Jul Late"]
[Site "chess.com INT"]
[Date "2025.07.01"]
[Round "8"]
[White "Mulawa, Cyprian"]
[Black "Rees, Ioan"]
[Result "1-0"]
[WhiteTitle "FM"]
[BlackTitle "FM"]
[WhiteElo "2324"]
[BlackElo "2280"]
[WhiteFideId "21001855"]
[BlackFideId "1801236"]
[EventDate "2025.07.01"]

1. e4 e5 2. Nf3 Nc6 3. d4 exd4 4. Nxd4 Nf6 5. Nxc6 bxc6 6. e5 Qe7 7. Qe2 Nd5 8.
g3 g6 9. c4 Ba6 10. b3 Bg7 11. Bb2 O-O 12. Bg2 Rae8 13. O-O Nb6 14. Re1 f6 15.
Ba3 c5 16. Qd2 fxe5 17. Qa5 e4 18. Nc3 Qf7 19. Bxc5 d6 20. Be3 Bb7 21. Rac1 Bc6
22. c5 Re5 23. Qxa7 Ra8 24. cxb6 Rxa7 25. bxa7 Ra5 26. a4 Qxb3 27. Nxe4 Qxa4 28.
Rxc6 Qxc6 29. Nf6+ Bxf6 30. Bxc6 1-0

[Event "Titled Tue 1st Jul Late"]
[Site "chess.com INT"]
[Date "2025.07.01"]
[Round "8"]
[White "Cuevas Araya, Walter"]
[Black "Abdulkadir Mohamed Warsame"]
[Result "0-1"]
[WhiteTitle "FM"]
[WhiteElo "2052"]
[BlackElo "2001"]
[WhiteFideId "3405028"]
[BlackFideId "16100913"]
[EventDate "2025.07.01"]

1. e4 c6 2. Nf3 d5 3. exd5 cxd5 4. Ne5 a6 5. d4 Nc6 6. c4 Nf6 7. Nc3 Be6 8. Nxc6
bxc6 9. c5 g6 10. Bd3 Bg7 11. O-O O-O 12. Re1 Qc7 13. g3 Qb7 14. Na4 Nd7 15. Be3
Bh3 16. a3 e5 17. Be2 Rfe8 18. b4 a5 19. Rb1 axb4 20. Rxb4 Qa7 21. Bf1 Bxf1 22.
Rxf1 exd4 23. Bxd4 Bxd4 24. Qxd4 Re4 25. Qxe4 dxe4 26. Rxe4 Nxc5 27. Nxc5 Qxc5
28. a4 Qc2 29. Rfe1 Rxa4 30. R4e2 Qc4 31. Re4 Qxe4 32. Rxe4 Rxe4 0-1

[Event "Titled Tue 1st Jul Late"]
[Site "chess.com INT"]
[Date "2025.07.01"]
[Round "8"]
[White "Orlov, Georgi"]
[Black "Siekanska, Zuzanna"]
[Result "1-0"]
[WhiteTitle "IM"]
[BlackTitle "WCM"]
[WhiteElo "2438"]
[BlackElo "1864"]
[WhiteFideId "2011271"]
[BlackFideId "21852537"]
[EventDate "2025.07.01"]

1. d4 d5 2. Nf3 e6 3. Bf4 Bd6 4. Bg3 c5 5. e3 Nf6 6. Nbd2 O-O 7. c3 Nc6 8. Bd3
b6 9. Ne5 Bb7 10. Qb1 h6 11. f4 a5 12. Bh4 Be7 13. Ndf3 cxd4 14. exd4 Nh5 15.
Bxe7 Qxe7 16. g3 Nxe5 17. Nxe5 Ba6 18. Bxa6 Rxa6 19. Qd3 Ra7 20. O-O Rc7 21. f5
exf5 22. Rxf5 Nf6 23. Raf1 Ne4 24. Ng6 fxg6 25. Rxf8+ Qxf8 26. Rxf8+ Kxf8 27.
Qb5 Rf7 28. Qxd5 Ng5 29. Qd8# 1-0

[Event "Titled Tue 1st Jul Late"]
[Site "chess.com INT"]
[Date "2025.07.01"]
[Round "8"]
[White "Manukyan, Sargis A."]
[Black "Ambartsumian, Tyhran"]
[Result "0-1"]
[WhiteTitle "FM"]
[BlackTitle "CM"]
[WhiteElo "2294"]
[BlackElo "2244"]
[WhiteFideId "13303970"]
[BlackFideId "34161112"]
[EventDate "2025.07.01"]

1. d4 Nf6 2. c4 e6 3. Nc3 d5 4. Nf3 Be7 5. cxd5 exd5 6. Bg5 c6 7. e3 Bf5 8. Bd3
Bxd3 9. Qxd3 Nbd7 10. O-O O-O 11. Rab1 a5 12. a3 h6 13. Bxf6 Bxf6 14. b4 axb4
15. axb4 b5 16. e4 dxe4 17. Nxe4 Nb6 18. Qc2 Nc4 19. Rbd1 Be7 20. d5 Bxb4 21.
Nc3 Bxc3 22. Qxc3 cxd5 23. Qb3 Rb8 24. Rd4 Re8 25. Rfd1 Qa5 26. Rxd5 Qa4 27. Qb1
Na3 28. Qf5 Qe4 29. Qh5 b4 30. R5d4 Qg6 31. Qa5 Nc2 32. R4d2 b3 33. Ne5 Qe6 34.
Nd7 Qe1+ 35. Rxe1 Rxe1# 0-1